| 000 | 00568nam a22001817a 4500 | ||
|---|---|---|---|
| 999 |
_c8377 _d8377 |
||
| 008 | 201117b ||||| |||| 00| 0 eng d | ||
| 040 | _aBMS College of Architecture | ||
| 100 | _aP C, Ruchitha | ||
| 245 | _aInstitute for astronomy and astro tourism centre | ||
| 300 | _a53p. | ||
| 500 | _a1BM15AT083 | ||
| 502 |
_8B,Arch _NBMS College of Architecture, Visvesvaraya Technological University (VTU) _aProject report _d2019 |
||
| 650 | _aAstronomy | ||
| 650 | _aTourism | ||
| 700 |
_aAparna Raveendran _eGuide |
||
| 700 |
_aManohar Walvekar _eGuide |
||
| 942 |
_2ddc _cTHE |
||